| 000 | 00728-am-a2200217-a-4500 | ||
|---|---|---|---|
| 001 | 000086171 | ||
| 003 | AM-YEHGA | ||
| 005 | 20250617121948.0 | ||
| 008 | 950417s1990 ru ||||| |||| 00| 0 rus d | ||
| 020 | _a5256006533 | ||
| 040 | _aAM-YeHGA | ||
| 041 | 0 | _arus | |
| 245 | 0 | 0 |
_aДиоды : _bСправочник / _c[О.П. Григорьев и др.]. |
| 260 |
_aМосква : _bРадио и связь, _c1990. |
||
| 300 |
_a335,[1] с. _bил.; _c21 см. |
||
| 440 | 0 |
_aМассовая радиобиблиотека _vВып. 1158 |
|
| 650 | 1 | 4 | _aДиоды полупроводниковые - Справочники |
| 700 | 1 | _aГригорьев, Олег Петрович | |
| 942 |
_2udc _cBK |
||
| 090 | _c27502 | ||
| 999 |
_c27167 _d27167 |
||